01581nam a2200277Ia 450000500170000000800410001702000150005804100080007310000260008124500760010725000220018326400490020530000410025433600270029533700330032233800280035549000270038352006460041065000550105665000550111165000270116665000320119370000300122504000350125508400130129020220316235239.0121119s2002 mx a gr 000 j spa  a96816446620 aspa1 aMcDonnell, Christine,14aLos amigos primerocChristine Mcdonnell ; ilustraciones de Vicent Marco aPrimera edición 1aMéxicobFondo de Cultura Económicac2002 a208 páginasbilustracionesc19 cm. atextobtxt2rdacontent asin mediaciónbn2rdamedia avolumenbnc2rdacarrier0 aA la orilla del viento3 aNo quería arrancar las hojas de mi cuaderno, así que lo envolví todo en un papel rojo brillante de navidad que encontré en el closet del pasillo. Después de desayunar se lo daría a Gus y le preguntaría si quería trabajar en el cuento más tarde. Lo había extrañado había extrañado esta sentada en el asiento de la ventana con él. Había extrañado su risa y sus largos tenis verdes apoyados sobre el sobre el borde del cojín. Le diría: “Quieres trabajar en atracción extraterrestre conmigo?” Y él respondería: “Cuando se ha sido amigo por tanto tiempo, como Gus y yo, uno sabe siempre que esperar142LEMBaCuentos infantiles estadounidensesySiglo XX142LEMBaLiteratura infantil estadounidenseySiglo XX142LEMBaAmistadvCuentos142LEMBaAdolescenciavCuentos1 aVincent Marcoeilustrador aCO-BoRNBPbspaerdacCO-BoRNBP aA-N MCDA